000 00702nam a22002297a 4500
003 UA-OsUOA
001 99770
007 ta
008 20130515b un ||||| |||| 00| 0 ukr d
100 _aТолстой А.
090 _a821.161.1
_bТ53
942 _cBK
040 _aUA-OsUOA
_brus
_cUA-OsUOA
_dUA-OsUOA
245 _aКнязь серебрянный
_bповесть времен Иоанна Грозного
300 _a337 с.
955 _a3
041 _arus
080 _a821.161.1
260 _bКиргизское государственное издательство
_c1958
650 7 _a82 Література. Літературознавство
_2UDC
999 _c385955
_d385955